000 00621nam a2200181Ia 4500
008 090124s9999 xx 000 0 und d
082 _b129617
100 _aनायक बळवंत ( लामकाणे )
245 _a चंदनाची काया माझी
250 _a1
260 _c2000
300 _a144
600 _aनायक बळवंत ( लामकाणे )
630 _a चंदनाची काया माझी
700 _aनायक बळवंत ( लामकाणे )
730 _a चंदनाची काया माझी
942 _cBOOK
999 _c175706
_d175706